000
00288nam a22001337a 4500
003
SGT
082
_a
616.5
_b
C14G
100
_a
GUPTA, RAMJI
245
_a
COMPREHENSIVE DERMATOLOGY
260
_a
INDIA
_b
ANE BOOKS
_c
2014
300
_a
202
650
_a
DERMATOLOGY
942
_2
ddc
_c
BK
_0
1
999
_c
14604
_d
14604